| 000 | 00945nam2a22002411 4500 | ||
|---|---|---|---|
| 001 | rc\3793357 | ||
| 005 | 20250530051902.0 | ||
| 035 | _a(NLR Aleph) 007242527 | ||
| 090 |
_a7761148 _c7761148 |
||
| 100 | _a20120311d1975 |||y0rusy50 ca | ||
| 101 | 0 | _arus | |
| 102 | _aRU | ||
| 105 | _ay z ||||| | ||
| 200 | 1 | _aКапуста | |
| 210 |
_aПермь _cКн. изд-во _d1975 |
||
| 461 | 0 |
_1001rc\2628080 _12001#$v[4] _96149775 _aГиттис, В.Ю. (1890-) _cМосква _d1931 _fПроф. В. Ю. Гиттис _nОгиз - Гострансиздат _oТеория и конструкция : С 426 рис. в тексте _p393 с., 1 с. объявл. _tАвтомобили _v[4] |
|
| 700 | 1 |
_7ca _8rus _aПапонов _bА. Н. _f1931-2019 _gАлексей Николаевич _9189483 _3RU\NLR\AUTH\770189534 |
|
| 801 | 0 |
_aRU _bNLR _gpsbo |
|
| 801 | 1 |
_aRU _bELAR _2rusmarc |
|
| 852 |
_aNLR _j75-2/1452 |
||
| 942 | _cBOOK | ||
| 980 | _aNB | ||